| 000 | 01080nam a22002297a 4500 | ||
|---|---|---|---|
| 999 |
_c3961 _d3961 |
||
| 003 | AR-CdUCM | ||
| 008 | 190307b ||||| |||| 00| 0 spa d | ||
| 040 |
_aMUNICIPALIDAD PROVINCIAL DEL CUSCO _cBIBLIOTECA MUNICIPAL DEL CUSCO |
||
| 082 |
_a371.2 / _bL64 |
||
| 100 |
_aLimpe Ramos, Ramiro _912671 |
||
| 245 | _aEl clima organizacional y el desempeño docente / | ||
| 260 |
_aCusco : _bD´Walt Multiservicios Encuadernacion e Impresiones, _c2016. |
||
| 300 |
_a128 páginas ; _c19.5 cm. |
||
| 505 | _aContenido: Caracterización de la problemática del clima organizacional y el desempeño docente -- Presupuestos teóricos y conceptuales del clima organizacional y el desempeño docente -- factores de entendimiento del clima organizacional -- Factores de entendimiento del desempeño docente ... | ||
| 650 |
_aGestión educativa _912672 |
||
| 650 |
_aDesempeño docente _912673 |
||
| 650 |
_aClima organizacional _912674 |
||
| 650 |
_aSatisfacción en el trabajo _912675 |
||
| 650 |
_aPráctica profesional en educación _912676 |
||
| 942 |
_2ddc _cLIBROS |
||
| 945 | _alccs | ||